| 000 | 01441naa a22003377a 4500 | ||
|---|---|---|---|
| 001 | BR8802163 | ||
| 003 | BR-BrBNA | ||
| 005 | 20240918180003.0 | ||
| 007 | ta | ||
| 008 | 230509b bl.||||| |||| 00| 0 por d | ||
| 040 |
_aBR-BrBNA _bpor _cBiblioteca Nacional de Agricultura |
||
| 041 | _a(Pt) | ||
| 072 |
_aH20 _b3385 _b4120 |
||
| 090 | _aH20 BR8802163 | ||
| 100 | 1 | _aCampacci, C.A. | |
| 100 | 1 | _aChiba, S. | |
| 100 | 1 | _aDonizetti, N.D. | |
| 111 | 1 |
_a4. Congresso Brasileiro de Floricultura e Plantas Ornamentais _cRio de Janeiro, RJ (Brazil) _d3-8 Oct 1984 |
|
| 245 | 1 | _aFungicidas para o controle da mancha preta (Diplocarpon rosae wolf.)e oidio (Oidium sp.)da roseira (Rosa spp.)[Dithianon, triforine, efosite] | |
| 260 | 3 |
_aBrasilia, DF (Brasil): _bEmpresa Brasileira de Pesquisa Agropecuaria, Departamento de Difusao de Tecnologia, _c1984. |
|
| 500 | _aAnais do 4. Congresso Brasileiro de Floricultura e Plantas Ornamentais Brasilia, DF (Brasil): Empresa Brasileira de Pesquisa Agropecuaria, Departamento de Difusao de Tecnologia, 1984. p. 235-240 (BR8802163-AM)H20 | ||
| 650 | _aROSA | ||
| 650 | _aMANCHA PRETA | ||
| 650 | _aOIDIO | ||
| 650 | _aFUNGO | ||
| 650 | _aFUNGICIDA | ||
| 650 | _aCONTROLE QUIMICO | ||
| 773 | 0 |
_tAnais do 4. Congresso Brasileiro de Floricultura e Plantas Ornamentais _wH20 BR8802163 _gBrasilia, DF (Brasil), 1984. p. 235-240 |
|
| 909 |
_a202404 _bLucia _c55 _dLucia Elande |
||
| 942 |
_cAM _2AGRIS |
||
| 999 |
_c319126 _d319126 |
||